|
|
|
|
| LEADER |
00000cam a2200000 i 4500 |
| 001 |
1/71222 |
| 008 |
050218s20002001gr | ||| |||| ||gre|| |
| 020 |
|
|
|a 9609164404
|
| 035 |
|
|
|l 10076467
|
| 040 |
|
|
|a GR-MyUA
|b gre
|e AACR2
|
| 041 |
0 |
|
|a gre
|
| 082 |
0 |
|
|a 410.151
|2 (21)
|
| 100 |
1 |
|
|a Αργυρόπουλος, Λευτέρης.
|
| 245 |
1 |
0 |
|a Αποδείξεις για τη μαθηματική κατασκευή της ελληνικής γλώσσας /
|c Λευτέρης Αργυρόπουλος.
|
| 260 |
|
|
|a [Χ.τ.] :
|b [χ.ό.],
|c c2000-2001.
|
| 300 |
|
|
|a 217 σ. :
|b εικ. ;
|c 24 εκ.
|
| 650 |
0 |
0 |
|a Greek language.
|
| 650 |
0 |
0 |
|a Mathematical linguistics.
|
| 852 |
|
|
|a INST
|b SAMOS
|e 20050218
|h 410.151 ΑΡΓ
|p 005300025385
|q 005300025385
|t BK
|y 0
|
| 901 |
|
|
|a BIBL3-2005-1
|
| 909 |
|
|
|a Σ
|b 114324
|
| 922 |
|
|
|a 3ΕΛΗ
|b 200411
|c ΚΥΒ/ΒΙΒΛΙΟΘΗΚΗ
|d ΠΑΠΑΓΕΩΡΓΙΟΥ
|
| 950 |
|
|
|a 127-2004-11-04
|
| 970 |
|
|
|a ΚΟΣΙΕΡΗΣ
|b ΧΡΗΣΤΟΣ
|z 2005/02/18
|